(Record no. 190429)

MARC details
000 -LEADER
fixed length control field 00490nam a2200145Ia 4500
041 ## - LANGUAGE CODE
Language code of text/sound track or separate title Arabic
082 ## - DEWEY DECIMAL CLASSIFICATION NUMBER
Classification number 892.709 cut-592 ح
100 ## - MAIN ENTRY--PERSONAL NAME
Personal name 20260118u\\\\\\\\\\\y0engy0103\\\\ba
Personal name هشيار زكي حسن الملا
245 #0 - TITLE STATEMENT
Title البنية الجمالية في الشعر الصوفي من القرن الثالث حتى القرن الثامن الهجريين
250 ## - EDITION STATEMENT
Edition statement ط1
260 ## - PUBLICATION, DISTRIBUTION, ETC. (IMPRINT)
Name of publisher, distributor, etc دار الفراهيدي للنشر
Date of publication, distribution, etc 2013
300 ## - PHYSICAL DESCRIPTION
Extent 384
942 ## - ADDED ENTRY ELEMENTS (KOHA)
Koha item type Books
Holdings
Withdrawn status Lost status Damaged status Not for loan Collection code Home library Current library Shelving location Date acquired Total Checkouts Full call number Barcode Date last seen Copy number Price effective from Koha item type
          Koya University Central Library Koya University Central Library Books 18/01/2026   892.709 cut-592 ح 0000096440 18/01/2026 1 18/01/2026 Books